000 nam a22 7a 4500
999 _c356909
_d356909
003 BLK
005 20200423125133.0
008 200423b bu ||||| |||| 00| 0 bu d
040 _aBLK
041 _aBUL
_cBUL
080 _aПартии и движения със социалистически и социалдемократически възгледи. Социалистически и социалдемократически партии. Вж и 327. 323
_b329.14
_x(495)(075.4)(042.4)
_z329.14(495)(075.4)(042.4)
100 _9386045
_aХристакудис, Апостолос
_eпърви автор
139 _aХристакудис, Апостолос
_bХ 76
245 _aРаботническото и комунистическото движение в Гърция на съвременния етап
_bЛекция
_cАпостолос Христакудис
257 _aBGR
260 _9216457
_bАОНСУ при ЦК на БКП
_c1986
300 _a42 с.
_bс табл.
_c20 см
380 _a3
650 7 _9159105
_aКомунистически партии
653 7 _9195053
_aработническо движение
852 _aЦб 144630
_bЦб
942 _cKNG
_n0
_s1
944 _aCR
_c2020-04-23
_kК. Г.